Capitals of the World – Reverse Alphabetical Order - Statistics

General Stats
  • This quiz has been taken 18 times
  • The average score is 140 of 199
Answers on the Map
Answers color-coded by a green-red scale on the quiz's map according to % correct below.
 
Answer Stats
Ending Letter Answer Reverse Capital Name % Correct
A Addis Ababa ababA siddA
100%
K Bishkek kekhsiB
100%
Z La Paz zaP aL
100%
G Luxembourg gruobmexuL
100%
W Naypyidaw wadiypyaN
100%
D Ngerulmud dumluregN
100%
Z Vaduz zudaV
100%
W Warsaw wasraW
100%
K Windhoek keohdniW
100%
B Zagreb bergaZ
100%
M Amsterdam madretsmA
83%
A Ankara araknA
83%
T Ashgabat tabaghsA
83%
D Baghdad dadhgaB
83%
U Baku ukaB
83%
K Bangkok kokgnaB
83%
I Bangui iugnaB
83%
L Banjul lujnaB
83%
E Belgrade edargleB
83%
A Bogotá átogoB
83%
N Bridgetown nwotegdirB
83%
T Bucharest tserahcuB
83%
T Budapest tsepaduB
83%
O Cairo oriaC
83%
I Djibouti ituobijD
83%
A Doha ahoD
83%
E Dushanbe ebnahsuD
83%
E Gaborone enorobaG
83%
N Georgetown nwotegroeG
83%
E Harare eraraH
83%
A Honiara arainoH
83%
D Islamabad dabamalsI
83%
A Jakarta atrakaJ
83%
A Juba abuJ
83%
L Kabul lubaK
83%
N Kingstown nwotsgniK
83%
R Kuala Lumpur rupmuL alauK
83%
Y Kuwait City ytiC tiawuK
83%
A Luanda adnauL
83%
D Madrid dirdaM
83%
O Majuro orujaM
83%
O Malabo obalaM
83%
A Managua auganaM
83%
I Nairobi iboriaN
83%
U Nassau uassaN
83%
Y Niamey yemaiN
83%
A Nukuʻalofa afolaʻukuN
83%
A Ottawa awattO
83%
Y Panama City ytiC amanaP
83%
O Paramaribo obiramaraP
83%
A Podgorica acirogdoP
83%
E Port-au-Prince ecnirP-ua-troP
83%
O Porto-Novo ovoN-otroP
83%
O Quito otiuQ
83%
K Reykjavík kívajkyeR
83%
A Riga agiR
83%
H Riyadh hdayiR
83%
A Sana'a a'anaS
83%
A South Tarawa awaraT htuoS
83%
A Suva avuS
83%
I Taipei iepiaT
83%
I Tbilisi isilibT
83%
A Tegucigalpa aplagicugeT
83%
U Thimphu uhpmihT
83%
A Valletta attellaV
83%
Y Vatican City ytiC nacitaV
83%
S Vilnius suinliV
83%
I Abu Dhabi ibahD ubA
67%
A Abuja ajubA
67%
A Accra arccA
67%
S Algiers sreiglA
67%
N Amman nammA
67%
O Antananarivo ovirananatnA
67%
A Asmara aramsA
67%
O Bamako okamaB
67%
N Bandar Seri Begawan nawageB ireS radnaB
67%
E Basseterre erretessaB
67%
G Beijing gnijieB
67%
T Beirut turieB
67%
U Bissau uassiB
67%
A Brasília ailísarB
67%
A Bratislava avalsitarB
67%
E Brazzaville ellivazzarB
67%
S Brussels slessurB
67%
A Canberra arrebnaC
67%
N Cape Town nwoT epaC
67%
S Caracas sacaraC
67%
U Chișinău uănișihC
67%
Y Conakry yrkanoC
67%
N Copenhagen negahnepoC
67%
R Dakar rakaD
67%
S Damascus sucsamaD
67%
A Dhaka akahD
67%
I Dili iliD
67%
A Dodoma amodoD
67%
N Dublin nilbuD
67%
N Freetown nwoteerF
67%
I Funafuti itufanuF
67%
A Gitega agetiG
67%
Y Guatemala City ytiC alametauG
67%
I Hanoi ionaH
67%
A Havana anavaH
67%
I Helsinki iknisleH
67%
A Kampala alapmaK
67%
U Kathmandu udnamhtaK
67%
M Khartoum muotrahK
67%
V Kiev veiK
67%
I Kigali ilagiK
67%
N Kingston notsgniK
67%
A Kinshasa asahsniK
67%
E Libreville elliverbiL
67%
E Lilongwe ewgnoliL
67%
A Lima amiL
67%
A Ljubljana anajlbujL
67%
E Lomé émoL
67%
A Lusaka akasuL
67%
E Malé élaM
67%
A Manila alinaM
67%
O Maputo otupaM
67%
U Maseru uresaM
67%
E Mbabane enababM
67%
Y Mexico City ytiC ocixeM
67%
K Minsk ksniM
67%
U Mogadishu uhsidagoM
67%
O Monaco ocanoM
67%
O Montevideo oedivetnoM
67%
I Moroni inoroM
67%
W Moscow wocsoM
67%
T Muscat tacsuM
67%
T Nouakchott ttohckauoN
67%
O Oslo olsO
67%
U Ouagadougou uoguodagauO
67%
R Palikir rikilaP
67%
H Phnom Penh hneP monhP
67%
Y Port Moresby ybseroM troP
67%
A Port Vila aliV troP
67%
E Prague eugarP
67%
A Praia aiarP
67%
A Pretoria airoterP
67%
A Pristina anitsirP
67%
G Pyongyang gnaygnoyP
67%
T Rabat tabaR
67%
E Rome emoR
67%
U Roseau uaesoR
67%
E San José ésoJ naS
67%
O Santiago ogaitnaS
67%
O Santo Domingo ognimoD otnaS
67%
O Sarajevo ovejaraS
67%
L Seoul luoeS
67%
E Skopje ejpokS
67%
A Sofia aifoS
67%
M Stockholm mlohkcotS
67%
E Sucre ercuS
67%
N Tallinn nnillaT
67%
T Tashkent tnekhsaT
67%
N Tehran narheT
67%
A Tirana anariT
67%
O Tokyo oykoT
67%
A Victoria airotciV
67%
A Vienna anneiV
67%
E Vientiane enaitneiV
67%
C Washington D.C. C.D notgnihsaW
67%
N Wellington notgnilleW
67%
O Yamoussoukro orkuossuomaY
67%
E Yaoundé édnuoaY
67%
A Andorra la Vella alleV al arrodnA
50%
A Apia aipA
50%
A Astana anatsA
50%
N Asunción nóicnusA
50%
S Athens snehtA
50%
N Belmopan napomleB
50%
N Berlin nilreB
50%
N Bern nreB
50%
N Bloemfontein nietnofmeolB
50%
S Buenos Aires seriA soneuB
50%
S Castries seirtsaC
50%
M Jerusalem melasureJ
50%
N Lisbon nobsiL
50%
N London nodnoL
50%
A Manama amanaM
50%
A Monrovia aivornoM
50%
A N'Djamena anemajD'N
50%
I New Delhi ihleD weN
50%
A Nicosia aisociN
50%
S Paris siraP
50%
S Port Louis siuoL troP
50%
N Port-of-Spain niapS-fo-troP
50%
S Saint George's s'egroeG tniaS
50%
S Saint John's s'nhoJ tniaS
50%
O San Marino oniraM naS
50%
R San Salvador rodavlaS naS
50%
E São Tomé émoT oãS
50%
E Singapore eropagniS
50%
E Sri Jayawardenepura Kotte ettoK arupenedrawayaJ irS
50%
I Tripoli ilopirT
50%
S Tunis sinuT
50%
R Ulaanbaatar rataabnaalU
50%
N Yaren neraY
50%
N Yerevan navereY
50%
No matching quizzes found
Score Distribution
Percent of People with Each Score
Percentile by Number Answered
Your Score History
You have not taken this quiz